000 01708cam a22004577a 4500
001 000079549
003 CHAP
005 20220329142005.0
008 981126d1996 mx r 00110 spa d
010 _a76726
011 _a77698
020 _a9688392111
035 _a87369
040 _cCHAP
090 _aFolleto 15204
100 0 0 _aSan Miguel Chávez, Rubén.
_9101982
245 1 0 _aManual para realizar transplante de maíz y frijol /
_c/por Rubén San Miguel Chávez y Alfonso Larqué Saavedra.
260 _aMontecillo, Méx. :
_bColegio de Postgraduados. Instituto de Recursos Naturales,
_c1996.
300 _a35 p. :
_bilus. ; gráfs.
410 2 1 _aColegio de Postgraduados. Instituto de Recursos Naturales
490 1 _aCuaderno de edafología
_v; 27
590 _aBATCH-UPD
_b10
_c20130110
_lUCH01
_h0408
590 _aBATCH-UPD
_b10
_c20130110
_lUCH01
_h2036
590 _aBATCH-UPD
_b10
_c20130410
_lUCH01
_h0042
590 _aBATCH-UPD
_b10
_c20130410
_lUCH01
_h1509
590 _aBATCH-UPD
_b10
_c20130914
_lUCH01
_h1007
590 _aCONVERSION
_b10
_c20130109
_lUCH01
_h1342
590 _aE5995AHE
_b05
_c20150213
_lUCH01
_h0933
650 1 4 _aFrijol
_xTrasplante.
_943442
650 1 4 _aMaíz
_xTrasplante.
_971075
700 0 _aLarqué Saavedra, Francisco Alfonso.
_964944
810 0 0 _aColegio de Postgraduados. Instituto de Recursos Naturales
_925093
830 0 _aCuaderno de edafología
_v; 27
_929712
901 _aBK
905 _aGuadalupe Pinto C.
942 _cFOLL
942 _n0
949 _aFolleto 15204
_bBC
_cFOLL
_d873691
_eTS1
_i87369
_sb
949 _aFolleto 15204
_bBC
_cFOLL
_d873692
_eTS2
_fc.2
_i87369
_sb
949 _aFolleto 15204
_bBC
_cUACH
_d873693
_eUACH
_fc.3
_i87369
_sb
999 _c76726
_d76726